000 00460pam a2200169 a 4500
020 _a0766804984
_c1220.00
041 _aeng
_hNULL
082 _a612
_bRIZ
100 _aRIZZO, D .
245 _aDELMAR`S FUNDAMENTALS OF ANATOMY & PHYSIOLOGY (WITH CD) /
_cNULL.
_hTextual Documents
260 _aNULL :
_bDELMAR`S ,
_c2000.
300 _a476 :
_bxvii ;
_cNULL .
365 _a1220.00
930 _a1220
999 _c795756
_d795756
650 _aPHYSIOLOGY